[Event "DEM U14 2019"]
[Site "Willingen GER"]
[Date "2019.06.14"]
[Round "8"]
[White "Sinnhöfer, Joshua"]
[Black "Matthäi, Jakob"]
[Result "1/2-1/2"]
[Termination "normal"]
[Board "13"]
[WhiteElo "1466"]
[BlackElo "1666"]
[WhiteClock "00:39:08"]
[BlackClock "00:43:38"]
[PlyCount "41"]
[WhiteFideId "16201361"]
[BlackFideId "16240421"]
[EventCountry "GER"]
[EventRounds "9"]
[EventType "swiss"]
[EventDate "2019.06.08"]

1. e4 {[%clk 1:08:44]} 1... e5 {[%clk 1:30:41]} 2. f4 {[%clk 1:09:08]} 2...
exf4 {[%clk 1:31:02]} 3. Nf3 {[%clk 1:09:32]} 3... Ne7 {[%clk 1:31:10]} 4. d4 {
[%clk 1:09:55]} 4... d5 {[%clk 1:31:25]} 5. Nc3 {[%clk 1:09:45]} 5... dxe4 {
[%clk 1:31:32]} 6. Nxe4 {[%clk 1:10:08]} 6... Nd5 {[%clk 1:29:24]} 7. Bd3 {
[%clk 1:09:33]} 7... Be7 {[%clk 1:28:58]} 8. O-O {[%clk 1:07:13]} 8... O-O {
[%clk 1:28:47]} 9. a3 {[%clk 1:06:04]} 9... Ne3 {[%clk 1:21:20]} 10. Bxe3 {
[%clk 1:06:21]} 10... fxe3 {[%clk 1:21:48]} 11. Qe2 {[%clk 1:05:17]} 11... f5 {
[%clk 1:17:51]} 12. Bc4+ {[%clk 1:05:21]} 12... Kh8 {[%clk 1:18:07]} 13. Nc3 {
[%clk 1:03:27]} 13... f4 {[%clk 1:07:21]} 14. Ne5 14... Qe8 {[%clk 1:06:21]}
15. Nd5 {[%clk 0:57:31]} 15... Bd6 {[%clk 1:06:11]} 16. Nxf4 {[%clk 0:56:21]}
16... Nc6 {[%clk 0:59:39]} 17. Qxe3 {[%clk 0:49:55]} 17... Bf5 {[%clk 0:58:32]}
18. Nfd3 {[%clk 0:45:20]} 18... Nxe5 {[%clk 0:47:18]} 19. Nxe5 {[%clk 0:42:30]}
19... Bxe5 {[%clk 0:44:09]} 20. Qxe5 {[%clk 0:41:16]} 20... Qxe5 { [%clk
0:43:38]} 21. dxe5 {[%clk 0:39:08]} 1/2-1/2

[Event "DEM U14 2019"]
[Site "Willingen GER"]
[Date "2019.06.14"]
[Round "8"]
[White "Schulemann, Gero"]
[Black "Breß, Aaron"]
[Result "1-0"]
[Termination "normal"]
[Board "14"]
[WhiteElo "1862"]
[BlackElo "1849"]
[WhiteClock "00:41:35"]
[BlackClock "00:00:41"]
[PlyCount "79"]
[WhiteFideId "16227646"]
[BlackFideId "12996432"]
[EventCountry "GER"]
[EventRounds "9"]
[EventType "swiss"]
[EventDate "2019.06.08"]

1. e4 {[%clk 1:30:58]} 1... c6 {[%clk 1:30:38]} 2. d4 {[%clk 1:31:23]} 2... d5
{[%clk 1:31:03]} 3. exd5 {[%clk 1:31:49]} 3... cxd5 {[%clk 1:31:26]} 4. c4 {
[%clk 1:32:09]} 4... Nf6 {[%clk 1:31:08]} 5. Nc3 {[%clk 1:31:39]} 5... Nc6 {
[%clk 1:30:05]} 6. c5 {[%clk 1:24:10]} 6... g6 {[%clk 1:12:18]} 7. Nf3 { [%clk
1:20:40]} 7... Bg7 {[%clk 1:06:07]} 8. h3 {[%clk 1:17:35]} 8... O-O { [%clk
1:03:00]} 9. Be2 {[%clk 1:15:42]} 9... b6 {[%clk 0:49:03]} 10. Bb5 { [%clk
1:10:18]} 10... Bb7 {[%clk 0:45:00]} 11. Bxc6 {[%clk 1:08:47]} 11... Bxc6
{[%clk 0:45:20]} 12. b4 {[%clk 1:08:42]} 12... bxc5 {[%clk 0:33:01]} 13. bxc5 {
[%clk 1:08:11]} 13... Ne4 {[%clk 0:30:01]} 14. Ne2 {[%clk 1:00:45]} 14... e5 {
[%clk 0:22:46]} 15. O-O {[%clk 0:58:47]} 15... Qa5 {[%clk 0:16:54]} 16. Be3 {
[%clk 0:53:31]} 16... Ba4 {[%clk 0:12:39]} 17. Qd3 {[%clk 0:50:03]} 17... Bb5 {
[%clk 0:11:37]} 18. Qc2 {[%clk 0:49:24]} 18... Ba4 {[%clk 0:11:16]} 19. Qb2 {
[%clk 0:48:09]} 19... exd4 {[%clk 0:09:23]} 20. Bxd4 {[%clk 0:45:52]} 20...
Bxd4 {[%clk 0:09:10]} 21. Qxd4 {[%clk 0:46:12]} 21... Nxc5 {[%clk 0:07:03]} 22.
Qxd5 {[%clk 0:46:22]} 22... Rad8 {[%clk 0:06:07]} 23. Qg5 {[%clk 0:44:37]}
23... Nb7 {[%clk 0:03:36]} 24. Qh6 {[%clk 0:43:40]} 24... f6 {[%clk 0:02:40]}
25. Nf4 {[%clk 0:43:12]} 25... Bc2 {[%clk 0:02:12]} 26. Ne6 {[%clk 0:43:23]}
26... Rf7 {[%clk 0:01:45]} 27. Nxd8 {[%clk 0:43:47]} 27... Qxd8 {[%clk 0:01:45]
} 28. Rfe1 {[%clk 0:43:25]} 28... Nd6 {[%clk 0:01:52]} 29. Nd4 {[%clk 0:43:33]}
29... Be4 {[%clk 0:01:03]} 30. Rac1 {[%clk 0:42:49]} 30... Nf5 {[%clk 0:00:44]}
31. Nxf5 {[%clk 0:42:50]} 31... Bxf5 {[%clk 0:01:07]} 32. Rcd1 {[%clk 0:42:42]}
32... Qc8 {[%clk 0:00:50]} 33. Qe3 {[%clk 0:42:44]} 33... Kg7 {[%clk 0:00:49]}
34. Qa3 {[%clk 0:42:08]} 34... Qc2 {[%clk 0:00:37]} 35. Rc1 {[%clk 0:42:24]}
35... Qd2 {[%clk 0:00:36]} 36. Qc5 {[%clk 0:42:21]} 36... Qxa2 {[%clk 0:00:40]}
37. Ra1 {[%clk 0:41:21]} 37... Qd2 {[%clk 0:00:41]} 38. Re7 {[%clk 0:41:32]}
38... Qd3 {[%clk 0:00:31]} 39. Rxf7+ {[%clk 0:41:16]} 39... Kxf7 { [%clk
0:00:41]} 40. Rxa7+ {[%clk 0:41:35]} 1-0

[Event "DEM U14 2019"]
[Site "Willingen GER"]
[Date "2019.06.14"]
[Round "8"]
[White "Haufe, Laurin"]
[Black "Röste, Hugo"]
[Result "1-0"]
[Termination "normal"]
[Board "15"]
[WhiteElo "1995"]
[BlackElo "1466"]
[WhiteClock "00:18:05"]
[BlackClock "00:14:33"]
[PlyCount "129"]
[WhiteFideId "12976504"]
[BlackFideId "16247604"]
[EventCountry "GER"]
[EventRounds "9"]
[EventType "swiss"]
[EventDate "2019.06.08"]

1. e4 {[%clk 1:30:55]} 1... c5 {[%clk 1:30:54]} 2. Nf3 {[%clk 1:31:18]} 2...
Nc6 {[%clk 1:31:09]} 3. Nc3 {[%clk 1:30:44]} 3... e6 {[%clk 1:30:51]} 4. d4 {
[%clk 1:30:53]} 4... cxd4 {[%clk 1:30:59]} 5. Nxd4 {[%clk 1:31:16]} 5... a6 {
[%clk 1:31:00]} 6. Be3 {[%clk 1:31:02]} 6... Qc7 {[%clk 1:30:20]} 7. Be2 {
[%clk 1:29:22]} 7... Nf6 {[%clk 1:29:45]} 8. a3 {[%clk 1:28:02]} 8... Be7 {
[%clk 1:28:45]} 9. O-O {[%clk 1:27:20]} 9... O-O {[%clk 1:28:00]} 10. f4 {
[%clk 1:25:12]} 10... d6 {[%clk 1:25:11]} 11. Kh1 {[%clk 1:20:56]} 11... b5 {
[%clk 1:23:32]} 12. Bf3 {[%clk 1:07:12]} 12... Bb7 {[%clk 1:19:44]} 13. Nxc6 {
[%clk 1:00:47]} 13... Bxc6 {[%clk 1:18:27]} 14. Qe2 {[%clk 0:59:38]} 14... Qb7
{[%clk 1:16:38]} 15. Bg1 {[%clk 0:54:05]} 15... Rfd8 {[%clk 1:02:40]} 16. Rfe1
{[%clk 0:47:36]} 16... d5 {[%clk 0:54:43]} 17. e5 {[%clk 0:45:36]} 17... Nd7 {
[%clk 0:54:21]} 18. Na2 {[%clk 0:37:51]} 18... Nb6 {[%clk 0:52:23]} 19. c3 {
[%clk 0:36:20]} 19... a5 {[%clk 0:49:47]} 20. Nc1 {[%clk 0:26:39]} 20... Nc4 {
[%clk 0:48:38]} 21. Nb3 {[%clk 0:25:22]} 21... h6 {[%clk 0:40:49]} 22. Nc5 {
[%clk 0:16:24]} 22... Qc7 {[%clk 0:38:41]} 23. b4 {[%clk 0:13:36]} 23... a4 {
[%clk 0:37:36]} 24. Red1 {[%clk 0:12:15]} 24... Nb6 {[%clk 0:34:08]} 25. Bd4 {
[%clk 0:10:31]} 25... Nd7 {[%clk 0:31:12]} 26. Nxd7 {[%clk 0:10:53]} 26... Bxd7
{[%clk 0:31:08]} 27. Qf2 {[%clk 0:10:49]} 27... Rdc8 {[%clk 0:30:09]} 28. Be2 {
[%clk 0:10:33]} 28... Qc6 {[%clk 0:29:25]} 29. Bd3 {[%clk 0:10:13]} 29... Bd8 {
[%clk 0:27:51]} 30. Rac1 {[%clk 0:09:46]} 30... Ra6 {[%clk 0:27:19]} 31. Qe3 {
[%clk 0:09:08]} 31... Bb6 {[%clk 0:26:29]} 32. Rc2 {[%clk 0:08:29]} 32... Qb7 {
[%clk 0:24:36]} 33. Rdc1 {[%clk 0:08:03]} 33... Bxd4 {[%clk 0:24:10]} 34. cxd4
{[%clk 0:07:38]} 34... Rac6 {[%clk 0:22:28]} 35. Rc5 {[%clk 0:07:00]} 35...
Rxc5 {[%clk 0:21:42]} 36. Rxc5 {[%clk 0:07:02]} 36... Rxc5 {[%clk 0:21:39]} 37.
dxc5 {[%clk 0:07:27]} 37... Bc6 {[%clk 0:20:38]} 38. Kg1 {[%clk 0:07:34]} 38...
Qe7 {[%clk 0:18:48]} 39. g3 {[%clk 0:06:28]} 39... Qd7 {[%clk 0:17:15]} 40. Qd4
{[%clk 0:06:43]} 40... Kf8 {[%clk 0:14:56]} 41. Kf2 {[%clk 0:06:41]} 41... Kg8
{[%clk 0:09:04]} 42. Ke1 {[%clk 0:06:09]} 42... Kf8 {[%clk 0:07:09]} 43. Kd2 {
[%clk 0:06:32]} 43... Kg8 {[%clk 0:05:22]} 44. Kc3 {[%clk 0:06:57]} 44... Kf8 {
[%clk 0:04:29]} 45. Qe3 {[%clk 0:07:03]} 45... Kg8 {[%clk 0:03:22]} 46. Kd4 {
[%clk 0:06:30]} 46... Qe7 {[%clk 0:30:05]} 47. Qe2 {[%clk 0:36:27]} 47... Qe8 {
[%clk 0:29:53]} 48. Qg4 {[%clk 0:36:04]} 48... Qe7 {[%clk 0:28:17]} 49. Qe2 {
[%clk 0:35:25]} 49... Qe8 {[%clk 0:28:18]} 50. h4 {[%clk 0:35:32]} 50... g6 {
[%clk 0:26:56]} 51. Qg4 {[%clk 0:29:55]} 51... Kg7 {[%clk 0:26:28]} 52. h5 {
[%clk 0:26:23]} 52... Bd7 {[%clk 0:25:36]} 53. Qh4 {[%clk 0:26:28]} 53... Bc6 {
[%clk 0:23:53]} 54. Qf6+ {[%clk 0:22:53]} 54... Kh7 {[%clk 0:22:43]} 55. g4 {
[%clk 0:21:54]} 55... Bd7 {[%clk 0:21:44]} 56. f5 {[%clk 0:17:40]} 56... exf5 {
[%clk 0:19:01]} 57. hxg6+ {[%clk 0:17:56]} 57... fxg6 {[%clk 0:18:08]} 58. gxf5
{[%clk 0:18:17]} 58... gxf5 {[%clk 0:17:30]} 59. Bxf5+ {[%clk 0:18:34]} 59...
Bxf5 {[%clk 0:17:51]} 60. Qxf5+ {[%clk 0:18:55]} 60... Kg7 {[%clk 0:17:43]} 61.
Qf6+ {[%clk 0:17:46]} 61... Kh7 {[%clk 0:17:49]} 62. e6 {[%clk 0:17:34]} 62...
Qc8 {[%clk 0:16:33]} 63. Kxd5 {[%clk 0:17:23]} 63... Qa8+ {[%clk 0:15:33]} 64.
c6 {[%clk 0:17:40]} 64... h5 {[%clk 0:14:33]} 65. Qf7+ {[%clk 0:18:05]} 1-0

[Event "DEM U14 2019"]
[Site "Willingen GER"]
[Date "2019.06.14"]
[Round "8"]
[White "Elsner, Robert"]
[Black "Schauties, Nico Antonio"]
[Result "0-1"]
[Termination "normal"]
[Board "16"]
[WhiteElo "1745"]
[BlackElo "1866"]
[WhiteClock "00:01:21"]
[BlackClock "00:51:08"]
[PlyCount "56"]
[WhiteFideId "16246390"]
[BlackFideId "16206371"]
[EventCountry "GER"]
[EventRounds "9"]
[EventType "swiss"]
[EventDate "2019.06.08"]

1. Nf3 {[%clk 1:08:10]} 1... c5 {[%clk 1:30:49]} 2. e4 {[%clk 1:08:37]} 2... d6
{[%clk 1:31:08]} 3. d4 {[%clk 1:09:04]} 3... cxd4 {[%clk 1:31:29]} 4. Nxd4 {
[%clk 1:09:31]} 4... Nf6 {[%clk 1:31:47]} 5. Nc3 {[%clk 1:09:53]} 5... a6 {
[%clk 1:32:09]} 6. Be3 {[%clk 1:10:17]} 6... e6 {[%clk 1:32:28]} 7. f3 { [%clk
1:10:32]} 7... b5 {[%clk 1:32:45]} 8. Qd2 {[%clk 1:10:29]} 8... Bb7 { [%clk
1:33:05]} 9. g4 {[%clk 1:08:22]} 9... h6 {[%clk 1:33:23]} 10. Be2 { [%clk
1:04:57]} 10... Nbd7 {[%clk 1:32:17]} 11. O-O-O {[%clk 1:03:25]} 11... b4
{[%clk 1:28:12]} 12. Nb1 {[%clk 1:03:52]} 12... d5 {[%clk 1:28:25]} 13. exd5 {
[%clk 1:03:07]} 13... Nxd5 {[%clk 1:28:32]} 14. Rhe1 {[%clk 0:43:30]} 14...
Nxe3 {[%clk 1:24:42]} 15. Qxe3 {[%clk 0:43:50]} 15... Bc5 {[%clk 1:18:16]} 16.
Bc4 {[%clk 0:25:44]} 16... Qb6 {[%clk 1:16:10]} 17. Qf4 {[%clk 0:17:32]} 17...
O-O-O {[%clk 1:12:43]} 18. Nb3 {[%clk 0:11:01]} 18... Bf2 {[%clk 1:01:23]} 19.
Re2 {[%clk 0:08:15]} 19... Nf6 {[%clk 1:00:49]} 20. Rdd2 {[%clk 0:07:44]} 20...
Bh4 {[%clk 1:00:38]} 21. Bxe6+ {[%clk 0:04:55]} 21... fxe6 {[%clk 1:00:38]} 22.
Qc4+ {[%clk 0:05:14]} 22... Kb8 {[%clk 1:00:01]} 23. Nd4 {[%clk 0:01:51]} 23...
Bg5 {[%clk 0:58:41]} 24. c3 {[%clk 0:01:10]} 24... Bd5 {[%clk 0:56:18]} 25. Qd3
{[%clk 0:01:00]} 25... Bxa2 {[%clk 0:52:27]} 26. h4 {[%clk 0:00:58]} 26... Bxb1
{[%clk 0:52:01]} 27. Kxb1 {[%clk 0:00:59]} 27... Bxd2 {[%clk 0:51:09]} 28. Rxd2
{[%clk 0:01:21]} 28... e5 {[%clk 0:51:08]} 0-1

[Event "DEM U14 2019"]
[Site "Willingen GER"]
[Date "2019.06.14"]
[Round "8"]
[White "Seng, Alexander"]
[Black "Evering, Sören"]
[Result "0-1"]
[Termination "normal"]
[Board "17"]
[WhiteElo "1505"]
[BlackElo "1879"]
[WhiteClock "00:20:05"]
[BlackClock "00:15:40"]
[PlyCount "102"]
[WhiteFideId "16230990"]
[BlackFideId "12974650"]
[EventCountry "GER"]
[EventRounds "9"]
[EventType "swiss"]
[EventDate "2019.06.08"]

1. d4 {[%clk 1:30:56]} 1... Nf6 {[%clk 1:30:56]} 2. Nf3 {[%clk 1:31:19]} 2...
d5 {[%clk 1:30:43]} 3. c4 {[%clk 1:31:22]} 3... e6 {[%clk 1:31:07]} 4. Bf4 {
[%clk 1:26:25]} 4... Bb4+ {[%clk 1:28:16]} 5. Bd2 {[%clk 1:22:17]} 5... Bxd2+ {
[%clk 1:21:52]} 6. Qxd2 {[%clk 1:20:52]} 6... O-O {[%clk 1:19:50]} 7. Nc3 {
[%clk 1:19:21]} 7... b6 {[%clk 1:19:15]} 8. cxd5 {[%clk 1:18:26]} 8... exd5 {
[%clk 1:18:54]} 9. e3 {[%clk 1:18:31]} 9... Bb7 {[%clk 1:18:31]} 10. Be2 {
[%clk 1:14:51]} 10... Nbd7 {[%clk 1:18:16]} 11. b4 {[%clk 1:07:38]} 11... Qe7 {
[%clk 1:16:46]} 12. Rb1 {[%clk 1:06:58]} 12... Ne4 {[%clk 1:14:40]} 13. Qc2 {
[%clk 1:05:26]} 13... a5 {[%clk 1:02:24]} 14. b5 {[%clk 1:01:54]} 14... Rac8 {
[%clk 0:58:47]} 15. Qb3 {[%clk 0:49:23]} 15... c5 {[%clk 0:49:27]} 16. O-O {
[%clk 0:38:37]} 16... Ndf6 {[%clk 0:26:16]} 17. Nxe4 {[%clk 0:31:45]} 17...
Nxe4 {[%clk 0:25:07]} 18. Qa3 {[%clk 0:31:35]} 18... Rc7 {[%clk 0:23:19]} 19.
Bd3 {[%clk 0:27:13]} 19... Qf6 {[%clk 0:18:15]} 20. Rfc1 {[%clk 0:25:40]} 20...
Rfc8 {[%clk 0:16:59]} 21. Qb2 {[%clk 0:23:44]} 21... c4 {[%clk 0:15:37]} 22.
Be2 {[%clk 0:17:03]} 22... Qd6 {[%clk 0:14:02]} 23. a4 {[%clk 0:14:17]} 23...
Re8 {[%clk 0:10:26]} 24. Qa2 {[%clk 0:14:20]} 24... Bc8 {[%clk 0:09:57]} 25.
Nd2 {[%clk 0:14:12]} 25... Bf5 {[%clk 0:06:27]} 26. Nf3 {[%clk 0:12:04]} 26...
Qf6 {[%clk 0:04:28]} 27. Rb2 {[%clk 0:10:15]} 27... Rec8 {[%clk 0:04:02]} 28.
Qa3 {[%clk 0:09:52]} 28... h6 {[%clk 0:02:13]} 29. Rbc2 {[%clk 0:07:09]} 29...
Nd6 {[%clk 0:01:39]} 30. Rc3 {[%clk 0:07:12]} 30... Ne4 {[%clk 0:02:06]} 31.
R3c2 {[%clk 0:07:23]} 31... g5 32. Nd2 {[%clk 0:06:21]} 32... Nxf2 { [%clk
0:01:15]} 33. Rc3 {[%clk 0:05:32]} 33... Ne4 {[%clk 0:00:56]} 34. Nxe4 { [%clk
0:04:59]} 34... Bxe4 {[%clk 0:01:26]} 35. Rf1 {[%clk 0:05:21]} 35... Qe6 {[%clk
0:01:42]} 36. h3 {[%clk 0:05:20]} 36... Re8 {[%clk 0:01:22]} 37. Bf3 { [%clk
0:05:05]} 37... Bd3 {[%clk 0:01:33]} 38. Re1 {[%clk 0:04:23]} 38... Rce7 {[%clk
0:01:25]} 39. Qc1 {[%clk 0:04:17]} 39... Qd6 {[%clk 0:01:14]} 40. Kf2 { [%clk
0:02:00]} 40... Kg7 {[%clk 0:01:05]} 41. Qb2 {[%clk 0:29:44]} 41... Be4 { [%clk
0:24:31]} 42. Bxe4 {[%clk 0:24:45]} 42... Rxe4 43. g3 {[%clk 0:23:15]} 43... h5
{[%clk 0:21:49]} 44. Kg2 {[%clk 0:20:57]} 44... h4 {[%clk 0:17:43]} 45. Qf2
{[%clk 0:19:17]} 45... Qxg3+ {[%clk 0:15:14]} 46. Qxg3 {[%clk 0:19:39]} 46...
hxg3 {[%clk 0:15:41]} 47. Kxg3 {[%clk 0:20:03]} 47... Rxd4 { [%clk 0:16:02]}
48. exd4 {[%clk 0:19:19]} 48... Rxe1 {[%clk 0:16:28]} 49. Rf3 { [%clk 0:19:41]}
49... f6 {[%clk 0:15:01]} 50. Rf5 {[%clk 0:19:53]} 50... Kg6 { [%clk 0:15:13]}
51. Rxd5 {[%clk 0:20:05]} 51... c3 {[%clk 0:15:40]} 0-1

[Event "DEM U14 2019"]
[Site "Willingen GER"]
[Date "2019.06.14"]
[Round "8"]
[White "Gutewort, Paul Emil"]
[Black "Wellßow, Keoki"]
[Result "0-1"]
[Termination "normal"]
[Board "20"]
[WhiteElo "1708"]
[BlackElo "1509"]
[WhiteClock "01:24:35"]
[BlackClock "00:08:44"]
[PlyCount "60"]
[WhiteFideId "16204182"]
[BlackFideId "16251075"]
[EventCountry "GER"]
[EventRounds "9"]
[EventType "swiss"]
[EventDate "2019.06.08"]

1. d4 {[%clk 1:30:58]} 1... g6 {[%clk 1:30:44]} 2. e4 {[%clk 1:31:22]} 2... Bg7
{[%clk 1:30:51]} 3. c4 {[%clk 1:31:47]} 3... d6 {[%clk 1:30:41]} 4. Nc3 { [%clk
1:32:10]} 4... Nc6 {[%clk 1:30:05]} 5. Nf3 {[%clk 1:32:06]} 5... Bg4 { [%clk
1:29:04]} 6. Be3 {[%clk 1:32:19]} 6... e5 {[%clk 1:20:38]} 7. d5 { [%clk
1:32:44]} 7... Nd4 {[%clk 1:11:21]} 8. Be2 {[%clk 1:33:08]} 8... Nxe2 { [%clk
1:10:13]} 9. Qxe2 {[%clk 1:33:14]} 9... f5 {[%clk 1:03:08]} 10. h3 { [%clk
1:32:59]} 10... Bxf3 {[%clk 1:02:45]} 11. Qxf3 {[%clk 1:33:01]} 11... f4 {[%clk
1:00:54]} 12. Bd2 {[%clk 1:33:23]} 12... Nf6 {[%clk 1:00:43]} 13. Qe2 { [%clk
1:32:59]} 13... Qe7 {[%clk 0:58:16]} 14. b4 {[%clk 1:33:03]} 14... a6 { [%clk
0:53:24]} 15. f3 {[%clk 1:31:59]} 15... O-O {[%clk 0:53:00]} 16. O-O { [%clk
1:32:13]} 16... Nh5 {[%clk 0:51:36]} 17. Be1 {[%clk 1:32:01]} 17... Bf6 { [%clk
0:50:39]} 18. Qd2 {[%clk 1:30:29]} 18... Ng3 {[%clk 0:40:15]} 19. Bxg3 { [%clk
1:30:09]} 19... fxg3 {[%clk 0:40:38]} 20. Ne2 {[%clk 1:30:32]} 20... Bg5 {[%clk
0:38:57]} 21. Qc3 {[%clk 1:30:20]} 21... Bf4 {[%clk 0:36:54]} 22. Nxf4 { [%clk
1:30:15]} 22... exf4 {[%clk 0:35:39]} 23. Rac1 {[%clk 1:30:08]} 23... b6 {[%clk
0:23:36]} 24. c5 {[%clk 1:29:33]} 24... Rac8 {[%clk 0:22:16]} 25. Qd4 { [%clk
1:25:29]} 25... Rb8 {[%clk 0:17:04]} 26. Rc2 {[%clk 1:25:09]} 26... bxc5 {[%clk
0:11:09]} 27. bxc5 {[%clk 1:25:31]} 27... Rb5 {[%clk 0:10:33]} 28. cxd6 {[%clk
1:25:39]} 28... cxd6 {[%clk 0:10:16]} 29. Rfc1 {[%clk 1:26:02]} 29... Rfb8
{[%clk 0:09:21]} 30. Rc7 {[%clk 1:24:35]} 30... Qxc7 {[%clk 0:08:44]} 0-1

[Event "DEM U14 2019"]
[Site "Willingen GER"]
[Date "2019.06.14"]
[Round "8"]
[White "Rockmann, Enno"]
[Black "Wildermuth, Nikolas Karl"]
[Result "1-0"]
[Termination "normal"]
[Board "21"]
[WhiteElo "1527"]
[BlackElo "1630"]
[WhiteClock "00:56:14"]
[BlackClock "00:49:18"]
[PlyCount "67"]
[WhiteFideId "12982920"]
[BlackFideId "16244699"]
[EventCountry "GER"]
[EventRounds "9"]
[EventType "swiss"]
[EventDate "2019.06.08"]

1. e4 {[%clk 1:31:00]} 1... d6 {[%clk 1:30:51]} 2. d4 {[%clk 1:31:21]} 2... g6
{[%clk 1:31:15]} 3. c4 {[%clk 1:31:09]} 3... Nf6 {[%clk 1:31:32]} 4. Nc3 {
[%clk 1:31:28]} 4... Bg7 {[%clk 1:31:52]} 5. f4 {[%clk 1:30:07]} 5... O-O {
[%clk 1:32:06]} 6. Nf3 {[%clk 1:30:33]} 6... c5 {[%clk 1:32:09]} 7. d5 { [%clk
1:29:55]} 7... b5 {[%clk 1:32:08]} 8. cxb5 {[%clk 1:29:48]} 8... Qa5 { [%clk
1:31:57]} 9. Bd2 {[%clk 1:27:50]} 9... a6 {[%clk 1:31:07]} 10. bxa6 { [%clk
1:22:45]} 10... Bxa6 {[%clk 1:29:27]} 11. Na4 {[%clk 1:22:52]} 11... Qc7 {[%clk
1:29:22]} 12. Bxa6 {[%clk 1:22:57]} 12... Rxa6 {[%clk 1:28:27]} 13. Nc3 {[%clk
1:23:09]} 13... Nbd7 {[%clk 1:25:18]} 14. O-O {[%clk 1:22:58]} 14... Rb8 {[%clk
1:24:49]} 15. Qc2 {[%clk 1:23:08]} 15... Qa7 {[%clk 1:23:40]} 16. Kh1 { [%clk
1:20:15]} 16... c4 {[%clk 1:19:56]} 17. Rae1 {[%clk 1:14:09]} 17... Qb7 { [%clk
1:17:47]} 18. Bc1 {[%clk 1:11:29]} 18... Nc5 {[%clk 1:16:53]} 19. Re2 { [%clk
1:10:21]} 19... Qa7 {[%clk 1:13:12]} 20. Nd2 {[%clk 1:08:52]} 20... Nd3 { [%clk
1:05:46]} 21. Nxc4 {[%clk 1:09:18]} 21... Nb4 {[%clk 1:05:54]} 22. Be3 { [%clk
1:00:27]} 22... Qc7 {[%clk 1:02:18]} 23. Qb3 {[%clk 0:58:39]} 23... Nxa2 {[%clk
1:01:08]} 24. Nb5 {[%clk 0:58:58]} 24... Qb7 {[%clk 0:57:55]} 25. Nca3 { [%clk
0:59:22]} 25... Rxa3 {[%clk 0:58:05]} 26. bxa3 {[%clk 0:59:18]} 26... Nc3
{[%clk 0:55:10]} 27. Qxc3 {[%clk 0:58:50]} 27... Qxb5 {[%clk 0:54:44]} 28. Qc2
{[%clk 0:58:04]} 28... Nxe4 {[%clk 0:54:12]} 29. Ba7 {[%clk 0:58:08]} 29... Ra8
{[%clk 0:53:30]} 30. Rb1 {[%clk 0:57:58]} 30... Qxd5 {[%clk 0:49:23]} 31. Rxe4
{[%clk 0:55:25]} 31... Rxa7 {[%clk 0:49:33]} 32. Ree1 {[%clk 0:55:19]} 32...
Rxa3 {[%clk 0:48:58]} 33. Qc8+ {[%clk 0:55:46]} 33... Bf8 {[%clk 0:49:18]} 34.
Rb8 {[%clk 0:56:14]} 1-0